Spirit of Malaysia

Bibliographic Details
Other Authors: Raymer, Robert
Format: Book
Language:English
Published: Kuala Lumpur : Editions Didier Millet , 2011
Subjects:

MARC

LEADER 00000cam a2200000 7i4500
001 0000025268
005 20140430.0
008 270414 my a eng
020 |a 9789834477356 ,   |c RM49.90 
040 |a INS 
090 0 0 |a DS592.6   |b S67 2011 
245 1 0 |a Spirit of Malaysia   |f text byRobert Raymer 
260 |a Kuala Lumpur :   |b Editions Didier Millet ,   |c 2011 
300 |a 79p :   |b col.ill ;   |c 26cm. 
500 |a Maps on lining papers 
651 0 |a Malaysia   |x Description and travel\vPictorial works 
651 0 |a Malaysia   |x Social life and customs 
700 1 |a Raymer, Robert 
999 |a 1000001467   |b BOOK   |c Open Shelf   |e Default branch